000 00876nam a2200253 a 4500
999 _c446971
_d446971
003 BLK
005 20230808085630.0
008 220302b bu |||||r|||| 00| | bu d
040 _aBLK
041 _aBUL
_cBUL
080 _aТенис на маса
_b796.386
_x(062)
_z796.386(062)
139 _bЕ 19
245 _aЕвропейска лига по тенис на маса : Супердивизия
_bБългария - Югославия
_h[Малотир. изд.]
260 _9441842
_aРусе
_bб. и.
_c1989
300 _a8 с.
_c21 см
380 _a79
500 _a40 години стрелкови клуб "Н. Попов" - Русе 1949
653 7 _9198158
_aтенис на маса
852 _cК 796/799/Е 19
942 _cKNG
_n0
_s1
_01
944 _aCR
_c2022-03-02
_k30570
_lМоника Янева
999 _d446971
999 _d446971